The new geneticts (Record no. 32175)
[ view plain ]
| 000 -LEADER | |
|---|---|
| fixed length control field | 00786nam a2200205 a 4500 |
| 008 - FIXED-LENGTH DATA ELEMENTS--GENERAL INFORMATION | |
| fixed length control field | 111207s1991 ||||||||||||||||| || u |
| 020 ## - INTERNATIONAL STANDARD BOOK NUMBER | |
| International Standard Book Number | 0962474576 |
| 050 ## - LIBRARY OF CONGRESS CALL NUMBER | |
| Classification number | QH 431 Jar |
| 100 ## - MAIN ENTRY--PERSONAL NAME | |
| Personal name | Jaroff, Leon |
| 245 14 - TITLE STATEMENT | |
| Title | The new geneticts |
| Statement of responsibility, etc. | by Leon Jaroff |
| 260 ## - PUBLICATION, DISTRIBUTION, ETC. | |
| Place of publication, distribution, etc. | Knoxville, Tenn. |
| Name of publisher, distributor, etc. | Whittle direct books |
| Date of publication, distribution, etc. | 1991 |
| 300 ## - PHYSICAL DESCRIPTION | |
| Extent | 73p.: ill. |
| 350 ## - | |
| -- | 0.00 |
| 500 ## - GENERAL NOTE | |
| General note | Cover title: The new geneticts: the human genome project and its impact on the practice of medicine |
| 650 #0 - SUBJECT ADDED ENTRY--TOPICAL TERM | |
| Topical term or geographic name entry element | MEDICAL GENETICS |
| 650 ## - SUBJECT ADDED ENTRY--TOPICAL TERM | |
| Topical term or geographic name entry element | HUMAN GENETICS |
| 650 ## - SUBJECT ADDED ENTRY--TOPICAL TERM | |
| Topical term or geographic name entry element | HUMAN GENOME PROJECT |
| 650 #0 - SUBJECT ADDED ENTRY--TOPICAL TERM | |
| Topical term or geographic name entry element | GENETICS |
| 995 ## - | |
| -- | MEDICAL LIBRARY OPEN ACCESS |
| -- | 0.00 |
| -- | 901423 |
| -- | CBU-SCHOOL OF MEDICINE LIBRARY (Ndola) |
| -- | 1 |
| -- | 0.00 |
| -- | QH 431 Jar |
| -- | 1 |
| -- | AVAILABLE |
| -- | Dec 7, 2011 |
| -- | 901423 |
| -- | Medical Library Open Access Collection |
| 999 ## - | |
| -- | 32175 |
| -- | 32175 |
| Withdrawn status | Lost status | Source of classification or shelving scheme | Damaged status | Not for loan | Permanent Location | Current Location | Shelving location | Date acquired | Total Checkouts | Full call number | Barcode | Date last seen | Price effective from | Koha item type |
|---|---|---|---|---|---|---|---|---|---|---|---|---|---|---|
| CBU-SCHOOL OF MEDICINE LIBRARY, NDOLA. | CBU-SCHOOL OF MEDICINE LIBRARY, NDOLA. | 11/30/2022 | QH 431 Jar | 901423 | 11/30/2022 | 11/30/2022 | MONOGRAPH |